Loading...
| Science - Physics | 0 | 7 | 1 | 0 | 65 | 61 | 87.71 | 0 | 3 | 0.00 | 0.00 |
| History - Other | 0 | 3 | 0 | 1 | 30 | 122 | 129.67 | 0 | 0 | 0.00 | 0.00 |
| Science - Chemistry | 0 | 3 | 0 | 0 | 30 | 59 | 74.67 | 0 | 2 | 0.00 | 0.00 |
| Religion | 0 | 3 | 0 | 1 | 30 | 107 | 129.33 | 0 | 1 | 0.00 | 0.00 |
| Science - Biology | 0 | 3 | 2 | 0 | 20 | 81 | 86.00 | 0 | 1 | 0.00 | 0.00 |
| Science - Other | 0 | 3 | 2 | 0 | 20 | 32 | 60.00 | 3 | 3 | 0.00 | 0.00 |
| Other Academic | 0 | 2 | 0 | 0 | 20 | 129 | 129.50 | 0 | 0 | 0.00 | 0.00 |
| Social Science | 0 | 2 | 1 | 0 | 15 | 94 | 103.50 | 0 | 1 | 0.00 | 0.00 |
| History - European | 0 | 1 | 0 | 0 | 10 | 61 | 61.00 | 1 | 1 | 0.00 | 0.00 |
| Mythology | 0 | 1 | 0 | 0 | 10 | 151 | 151.00 | 0 | 0 | 0.00 | 0.00 |
| Literature - British | 0 | 0 | 0 | 0 | 0 | 0.00 | 0 | 0 | 0.00 | 0.00 | |
| History - World | 0 | 0 | 0 | 0 | 0 | 0.00 | 0 | 0 | 0.00 | 0.00 | |
| Fine Arts - Painting and Sculpture | 0 | 0 | 0 | 0 | 0 | 0.00 | 0 | 0 | 0.00 | 0.00 | |
| Fine Arts - Classical Music | 0 | 0 | 0 | 0 | 0 | 0.00 | 0 | 0 | 0.00 | 0.00 | |
| Philosophy | 0 | 0 | 0 | 0 | 0 | 0.00 | 0 | 0 | 0.00 | 0.00 | |
| Literature - American | 0 | 0 | 1 | 0 | -5 | 0.00 | 0 | 0 | 0.00 | 0.00 |